| 000 | 00418ntaaa2200157 4500 | ||
|---|---|---|---|
| 003 | 01 | ||
| 005 | 20251027202438.0 | ||
| 008 | 0714s1973 ag 01 | ||
| 040 |
_aAR-BaBN _bspa _cAR-BaBN _eaacr _dRIC |
||
| 082 | _a266.0000 P346 | ||
| 100 |
_aPayne, Will _923322 |
||
| 245 | _aMissionary pioneering in Bolivia with some account of work in Argentina | ||
| 250 |
_a1 ed. : _bs.l., _cn.f. |
||
| 650 | _aMisiones | ||
| 942 | _cBK | ||
| 999 |
_c19432 _d19432 |
||